000 00288nam a22001217a 4500
999 _c4854
_d4854
008 250325b ||||| |||| 00| 0 eng d
020 _a9781407137322
082 _a823.914 SAU
100 _aSAUNDERS,KATE
_eAUTHOR
245 _aMAGICALALAMITY
260 _bMARION LLYOD BOOKS
942 _2ddc